000 00330nam a22001457a 4500
008 230907b ||||| |||| 00| 0 eng d
020 _a0684142546
041 _aeng
080 _a101
082 _a101CLE
100 _a44
101 _aFILO
245 _aMAXWELL PHYSICIST AND NATURAL PHILOSOPHER
_cCLERK .J
942 _2udc
_cBK
999 _c60280
_d60280